000 00824nam a2200265 i 4500
001 49003
003 ES-MaACL
005 20250824063032.0
008 030704s1977 sp |||| | spa d
020 _a84-281-0354-2
100 1 _aCorominas Beret, F.
_940662
245 1 0 _aFundamentos neurológicos del comportamiento /
_cF. Corominas Beret.
250 _a1ª ed.
260 _aVilassar de Mar, Barcelona :
_bOikos-Tau,
_c[1977]
300 _a257 p. ;
_c24 cm.
490 1 _aCiencias de la educación (Oikos-Tau)
_9241993
500 _aÍndice.
504 _aBibliografía: p. 251-252.
650 4 _aNeurología.
_9136593
650 0 7 _aPsicología
_2embne
_916540
830 0 _aCiencias de la educación (Oikos-Tau)
_9241993
852 _aES-MaACL
_jA-7731
942 _2udc
999 _c49003
_d49003